毛泽东诗词中含地名的名句 - Statistics

General Stats
  • This quiz has been taken 21 times
  • The average score is 12 of 26
Answer Stats
题目 诗词句 % Correct
沁园春·长沙 独立寒秋,{湘江北去},
100%
沁园春·长沙 {橘子洲头}。
90%
七律·长征 红军不怕远征难,万水千山只等闲。{五岭逶迤腾细浪},
80%
七律·长征 {金沙水拍云崖暖},
80%
七律·长征 {大渡桥横铁索寒}。
80%
七律·长征 {乌蒙磅礴走泥丸}。
75%
浪淘沙·北戴河 往事越千年,魏武挥鞭,{东临碣石有遗篇}。
70%
七律·长征 {更喜岷山千里雪},三军过后尽开颜。
70%
清平乐·六盘山 {六盘山上高峰},红旗漫卷西风。
60%
浪淘沙·北戴河 大雨落幽燕,白浪滔天,{秦皇岛外打鱼船}。
55%
水调歌头·游泳 {又食武昌鱼}。
45%
水调歌头·重上井冈山 久有凌云志,{重上井冈山}。
40%
菩萨蛮·黄鹤楼 烟雨莽苍苍,{龟蛇锁大江}。
40%
水调歌头·游泳 {万里长江横渡},极目楚天舒。
35%
七律·和柳亚子先生 牢骚太盛防肠断,风物长宜放眼量。{莫道昆明池水浅},
35%
水调歌头·游泳 更立西江石壁,{截断巫山云雨},
30%
七律·和柳亚子先生 {观鱼胜过富春江}。
30%
水调歌头·游泳 {才饮长沙水},
25%
清平乐·会昌 {会昌城外高峰},颠连直接东溟。
25%
水调歌头·重上井冈山 {过了黄洋界},险处不须看。
20%
念奴娇·昆仑 {而今我谓昆仑},不要这高,不要这多雪。
20%
西江月·井冈山 {黄洋界上炮声隆},报道敌军宵遁。
20%
七律·登庐山 云横九派浮黄鹤,{浪下三吴起白烟}。
15%
渔家傲·反第一次大“围剿” {雾满龙冈千嶂暗},齐声唤,前头捉了张辉瓒。
10%
七律·答友人 {九嶷山上白云飞},帝子乘风下翠微。
10%
七律·答友人 {洞庭波涌连天雪},长岛人歌动地诗。
5%
No matching quizzes found
Score Distribution
Percent of People with Each Score
Percentile by Number Answered
Your Score History
You have not taken this quiz